LEADER 04005nam 2200673 450 001 9910464132803321 005 20200520144314.0 010 $a0-19-026676-7 010 $a0-19-977348-3 035 $a(CKB)2670000000591574 035 $a(EBL)1934265 035 $a(SSID)ssj0001421045 035 $a(PQKBManifestationID)11934142 035 $a(PQKBTitleCode)TC0001421045 035 $a(PQKBWorkID)11409438 035 $a(PQKB)10906100 035 $a(MiAaPQ)EBC1934265 035 $a(Au-PeEL)EBL1934265 035 $a(CaPaEBR)ebr11014166 035 $a(CaONFJC)MIL718404 035 $a(OCoLC)901267022 035 $a(EXLCZ)992670000000591574 100 $a20150211h20152015 uy 0 101 0 $aeng 135 $aur|n|---||||| 181 $ctxt 182 $cc 183 $acr 200 04$aThe ecology of agricultural ecosystems $elong-term research on the path to sustainability /$fedited by Stephen K. Hamilton, Julie E. Doll, and G. Philip Robertson ; contributors, Bruno Basso [and thirty two others] 210 1$aNew York, New York :$cOxford University Press,$d2015. 210 4$d©2015 215 $a1 online resource (449 p.) 225 1 $aLong-Term Ecological Research Network Series 300 $aDescription based upon print version of record. 311 $a0-19-977335-1 311 $a1-322-87122-1 320 $aIncludes bibliographical references at the end of each chapters and index. 327 $aCover; Series; The Ecology of Agricultural Landscapes; Copyright; Contents; Preface; Acknowledgments; Contributors; 1 Long-Term Ecological Research at the Kellogg Biological Station LTER Site: Conceptual and Experimental Framework; 2 Farming for Ecosystem Services: An Ecological Approach to Production Agriculture; 3 Economic Value of Ecosystem Services from Agriculture; 4 A Crop Stress Index to Predict Climatic Effects on Row-Crop Agriculture in the U.S. North Central Region; 5 Soil Organic Matter Dynamics: Controls and Management for Sustainable Ecosystem Functioning 327 $a6 Microbial Diversity in Soils of Agricultural Landscapes and Its Relation to Ecosystem Function7 Plant Community Dynamics in Agricultural and Successional Fields; 8 Arthropod Diversity and Pest Suppression in Agricultural Landscapes; 9 Nitrogen Transfers and Transformations in Row-Crop Ecosystems; 10 Simulating Crop Growth and Biogeochemical Fluxes in Response to Land Management Using the SALUS Model; 11 Water Quality and Movement in Agricultural Landscapes; 12 Mitigation of Greenhouse Gases in Agricultural Ecosystems; 13 Farmer Decisions about Adopting Environmentally Beneficial Practices 327 $a14 Acoustic Observations in Agricultural Landscapes15 Designing Cropping Systems for Ecosystem Services; Index 330 $aEvidence has been mounting for some time that intensive row-crop agriculture as practiced in developed countries may not be environmentally sustainable, with concerns increasingly being raised about climate change, implications for water quantity and quality, and soil degradation. This volume synthesizes two decades of research on the sustainability of temperate, row-crop ecosystems of the Midwestern United States. The overarching hypothesis guiding this work has been that more biologically based management practices could greatly reduce negative impacts while maintaining sufficient productivi 410 0$aLong-Term Ecological Research Network series. 606 $aAgricultural ecology$zMiddle West 606 $aCropping systems$zMiddle West 608 $aElectronic books. 615 0$aAgricultural ecology 615 0$aCropping systems 676 $a577.5/5 702 $aHamilton$b Stephen K. 702 $aDoll$b Julie E. 702 $aRobertson$b G. P. 702 $aBasso$b Bruno 801 0$bMiAaPQ 801 1$bMiAaPQ 801 2$bMiAaPQ 906 $aBOOK 912 $a9910464132803321 996 $aThe ecology of agricultural ecosystems$92142968 997 $aUNINA LEADER 05048nam 22008415 450 001 9910735579503321 005 20251116152047.0 010 $a9783839468524 010 $a3839468523 024 7 $a10.1515/9783839468524 035 $a(CKB)27588203700041 035 $a(DE-B1597)659796 035 $a(DE-B1597)9783839468524 035 $a(MiAaPQ)EBC7268891 035 $a(OCoLC)1391693663 035 $a(ScCtBLL)b47d9ab8-0bff-4247-9394-caa8d733f277 035 $a(Perlego)4086193 035 $a(EXLCZ)9927588203700041 100 $a20230808h20232023 fg 101 0 $ager 135 $aur||||||||||| 181 $ctxt$2rdacontent 182 $cc$2rdamedia 183 $acr$2rdacarrier 200 00$aSolidarische Mittelvergabe $eNeue Perspektiven für die Zusammenarbeit in der freien Kunstszene /$fhrsg. von Walbrodt, Moritz Kotzerke, M Hasan Hera, Anna Bründl, Sebastian Brohn, Christian Berens, Uta Atzpodien, Christoph Rodatz 210 1$aBielefeld : $ctranscript Verlag, $d[2023] 210 4$d©2023 215 $a1 online resource (284 p.) 225 0 $aPublic Interest Design ;$v3 311 08$a9783837668520 327 $tFrontmatter -- $tInhalt -- $tEinleitung -- $tSolidarität und Mittelvergabe ? Bestimmungen, Analysen und Reflexionen -- $tKritik der Solidarität -- $tIt's all about the give n take -- $tSolidarische Mittelvergabe ? eine Utopie? -- $tReden wir über Geld! -- $tAus dem Innenleben eines Multifunktionsscharniers -- $tBlühende Kulturlandschaften im Zeitalter der Instabilität -- $tSolidarische Mittelvergabe ? Ansätze, Visionen und Reflexionen -- $tWieso Solidarität? -- $tOpen doors policy now! -- $tThe way of solidarity -- $tWir wissen nicht, wo wir gerade sind und wie es weitergehen soll -- $tSpielanleitung zur Gestaltung von Atmosphären für eine solidarische Mittelvergabe -- $tFörderlandschaften -- $tVermissen, Frustrieren, Umsorgen -- $tSolidarität ? Aus der Praxis -- $tEin Text über Solidarität -- $tWas ist uns das wert? -- $tEin Liebesbekenntnis zum Commoning -- $tSolidarisches Miteinander -- $tWem gehört die Institution? -- $tAls wir noch konkurrierten -- $tGeld ist etwas, worüber man spricht -- $tGedanken über das professionelle Abhängen 330 $aDie Covid-19-Pandemie hat das Leben freier Künstler*innen noch stärker prekarisiert, als es bereits zuvor der Fall war. Solidarität und Zusammenarbeit in der freien Szene sind daher wichtiger denn je. Doch was heißt es eigentlich, solidarisch zu sein? Kann die Förderung der freien darstellenden Kunst solidarisch sein? Was bedeutet es, Geld zu verteilen und warum ist die aktuelle Vergabe von Mitteln wenig solidarisch? Die Beiträger*innen fassen die Ergebnisse einer regelmäßigen, über zwei Jahre andauernden Diskussion um diese Fragen zusammen. Dabei stellen sie beziehungsorientierte Alternativen vor, um Kunstförderung neu zu organisieren - ein unabdingbarer Schritt hin zu einer fairen und gerechten Kulturlandschaft. 606 $aBUSINESS & ECONOMICS / Management$2bisacsh 610 $aArt Promotion. 610 $aArt. 610 $aCivil Society. 610 $aCultural Management. 610 $aCultural Policy. 610 $aCulture. 610 $aFree Art. 610 $aFunding. 610 $aJury Procedure. 610 $aMoney. 610 $aPerforming Arts. 610 $aPrecarity. 610 $aPromotion. 610 $aSubsidies. 610 $aTheatre Management. 610 $aTheatre. 615 7$aBUSINESS & ECONOMICS / Management. 676 $a330 702 $aAdamczak$b Bini$4ctb$4https://id.loc.gov/vocabulary/relators/ctb 702 $aAtzpodien$b Uta, $4ctb$4https://id.loc.gov/vocabulary/relators/ctb 702 $aAtzpodien$b Uta, $4edt$4http://id.loc.gov/vocabulary/relators/edt 702 $aBattke$b Kathleen$4ctb$4https://id.loc.gov/vocabulary/relators/ctb 702 $aBerens$b Christian, $4ctb$4https://id.loc.gov/vocabulary/relators/ctb 702 $aBerens$b Christian, $4edt$4http://id.loc.gov/vocabulary/relators/edt 702 $aBialek$b Johanna, $4ctb$4https://id.loc.gov/vocabulary/relators/ctb 702 $aBrohn$b Sebastian, $4ctb$4https://id.loc.gov/vocabulary/relators/ctb 702 $aBrohn$b Sebastian, $4edt$4http://id.loc.gov/vocabulary/relators/edt 702 $aBründl$b Anna, $4ctb$4https://id.loc.gov/vocabulary/relators/ctb 702 $aBründl$b Anna, $4edt$4http://id.loc.gov/vocabulary/relators/edt 702 $aBusch$b Eva$4ctb$4https://id.loc.gov/vocabulary/relators/ctb 702 $aHera$b M Hasan, $4edt$4http://id.loc.gov/vocabulary/relators/edt 702 $aKotzerke$b Moritz, $4edt$4http://id.loc.gov/vocabulary/relators/edt 702 $aRodatz$b Christoph$4edt$4http://id.loc.gov/vocabulary/relators/edt 702 $aWalbrodt$b , $4edt$4http://id.loc.gov/vocabulary/relators/edt 801 0$bDE-B1597 801 1$bDE-B1597 906 $aBOOK 912 $a9910735579503321 996 $aSolidarische Mittelvergabe$93452042 997 $aUNINA